Administración y dirección técnica de la producción
| Main Author: | |
|---|---|
| Format: | Section = Libro |
| Language: | Undetermined Spanish |
| Published: |
México
Limusa
1991
|
| Edition: | 4a.ed |
| Subjects: |
| LEADER | 00693nam a2200241Ia 4500 | ||
|---|---|---|---|
| 008 | 240830s9999 xx 000 0 und d | ||
| 020 | |a 968-18-0574-7 | ||
| 040 | |a CEDOC FIQ-RUSB / 658.5 B929 | ||
| 041 | |a spa | ||
| 082 | |a 658.5 B929 | ||
| 100 | 1 | |a Buffa, Elwood S. | |
| 245 | 1 | 0 | |a Administración y dirección técnica de la producción |
| 250 | |a 4a.ed | ||
| 260 | |a México |b Limusa |c 1991 | ||
| 300 | |a 671 p. :il. | ||
| 650 | 7 | |a ADMINISTRACION DE LA PRODUCCION | |
| 650 | 7 | |b DISEÑO - SISTEMAS DE PRODUCCION | |
| 650 | 7 | |c PLANEACION - CONTROL DE OPERACIONES | |
| 650 | 7 | |d CONTROL DE CALIDAD | |
| 650 | 7 | |e SISTEMA DE INVENTARIO | |
| 942 | |c BK |2 ddc | ||
| 991 | |a TEXTO | ||
| 999 | |c 13069 | ||